000 01040nam a22003137a 4500
003 CHAP
005 20220329133824.0
008 971013s1985 r 00010 d
010 _a11396
011 _a12368
035 _a15495
040 _cCHAP
090 _aFolleto 10368
100 0 0 _aRamos Sánchez, Angel.
_994500
245 1 _aLogros y aportaciones de la investigación agrícola en el cultivo de forrajes zonas tropicales y subtropicales
260 _aMéxico, D. F. :
_bINIA,
_c1985
300 _a30 p.
490 _aPublicación especial
_v; 117
590 _aBATCH-UPD
_b10
_c20130110
_lUCH01
_h1251
590 _aBATCH-UPD
_b10
_c20130410
_lUCH01
_h0813
590 _aBATCH-UPD
_b10
_c20130914
_lUCH01
_h1920
590 _aCONVERSION
_b10
_c20130109
_lUCH01
_h1308
650 1 4 _aPlantas forrajeras
_xInvestigación.
_988968
650 1 4 _aPlantas forrajeras
_xTrópicos.
_988989
830 0 _aPublicación especial
_v; 117
_992760
901 _aBK
942 _cFOLL
949 _aFolleto 10368
_bBC
_cFOLL
_d-149664
_eTS1
_i15495
_si
999 _c11396
_d11396